000 00496nam a2200169 a 4500
001 000022223
005 20240226143926.0
008 100920s1949 dr 000 0 spa d
040 _aDO-SdBNP
_bspa
_cBNPHU
082 _axxx
_bC762m
100 1 _aContín, Silvestre Emilio,
_d1904-
_934485
245 1 0 _aManual de archivo /
_cSilvestre Emilio Contin.
260 _aCiudad Trujillo
_fRincon
_c1949.
300 _a138 p. ;
_c24 cm.
500 _aIncluye notas al pie de las páginas
049 _aBNPD
999 _c21721
_d21721